header

Public participation in environmental assessment and decision making (Record no. 23640)

MARC details
000 -LEADER
fixed length control field 02131nam a22004094a 4500
082 04 - DEWEY DECIMAL CLASSIFICATION NUMBER
Classification number 363.7/0525
245 00 - TITLE STATEMENT
Title Public participation in environmental assessment and decision making
260 ## - PUBLICATION, DISTRIBUTION, ETC. (IMPRINT)
Place of publication Washington, DC :
Name of publisher National Academies Press,
Year of publication 2008.
300 ## - PHYSICAL DESCRIPTION
Number of Pages xv, 305 p. :
Other physical details ill.
650 #0 - SUBJECT ADDED ENTRY--TOPICAL TERM
Topical Term Environmental impact analysis
Topical Term Environmental policy
Topical Term Environmental policy
Topical Term Administrative agencies
Topical Term Administrative procedure
Topical Term Environmental protection
700 1# - ADDED ENTRY--PERSONAL NAME
Personal name Dietz, Thomas.
Personal name Stern, Paul C.,
856 40 - ELECTRONIC LOCATION AND ACCESS
Uniform Resource Identifier http://site.ebrary.com/lib/rucke/Doc?id=10267562

No items available.

© 2026 Rongo University
Contact us: librarian | system librarian | Rongo university